000 00472cam a2200181ua 4500
020 _cRs 29.50
041 _aeng
_h
082 _a535.2
_bCOR/AP
100 _aConardy, A E .
245 _aApplied optics and optical design, Part 2 /
_cA E Conardy.
_hTextual Documents
260 _aNew York :
_bDoney Publications, INC ,
_c1950.
300 _a845 ; .
365 _aRs 29.50
504 _a
700 1 _aKingslake, .
942 _cBK
999 _c3258
_d3258